000 00535nam a2200169 i 4500
001 69041
003 ES-MaACL
005 20230906170424.0
007 t|
008 040903s1914 fr ||||1| fre d
100 1 _aChoderlos de Laclos, Pierre-Ambroise-François.
_938586
245 1 4 _aLes liaisons dangereuses ou lettres recueillies dans une societé... /
_cpubliées par M. C. de L.
250 _a12em. ed.
260 _a[S.l. :
_bs.n.],
_c1914 (
_fSaint Amand Bussiere)
300 _a476 p. ;
_c18 cm.
852 _aES-MaACL
_jD-5177
999 _c69041
_d69041